| 000 | 00482nam a2200193Ia 4500 | ||
|---|---|---|---|
| 005 | 20251020182555.0 | ||
| 008 | 200515s9999 xx 000 0 und d | ||
| 082 | _aR/801.3=21/O95 | ||
| 110 | _aOxford University Press | ||
| 245 | 0 | _aDiccionario Oxford Pocket para estudiantes inglés-español español-inglés | |
| 260 | _aOxford | ||
| 260 | _c1995 | ||
| 300 | _a695 | ||
| 650 | _aCASTELLANO | ||
| 650 | _aDICCIONARIOS | ||
| 650 | _aINGLES | ||
| 650 | _aLIB | ||
| 942 | _cLIB | ||
| 999 |
_c2868 _d2868 |
||